Ελληνική πειρατεία και κούρσος : τον ιη' αιώνα και μέχρι την ελληνική επανάσταση[βάσει των ελληνικών και γαλλικών αρχείων]
Saved in:
| Main Author: | |
|---|---|
| Format: | Book |
| Language: | Greek |
| Published: |
Αθήνα :
Βιβλιοπωλείο της Εστίας,
1998
|
| Subjects: | |
| Tags: |
Add Tag
No Tags, Be the first to tag this record!
|
MARC
| LEADER | 00000nam a2200000 i 4500 | ||
|---|---|---|---|
| 001 | 1/51031 | ||
| 008 | 070807s1998 gre d | ||
| 020 | |a 960-05-0796-1 | ||
| 035 | |l 10089612 | ||
| 040 | |a GR-MY-UA |b gre |e aacr | ||
| 041 | 0 | |a gre | |
| 082 | 0 | |a 938.405 |2 (22) | |
| 100 | 1 | |a Κραντονέλλη, Αλεξάνδρα, |d 1925- | |
| 245 | 1 | 0 | |a Ελληνική πειρατεία και κούρσος : |b τον ιη' αιώνα και μέχρι την ελληνική επανάσταση[βάσει των ελληνικών και γαλλικών αρχείων] / |c Αλεξάνδρα Κραντονέλλη |
| 260 | |a Αθήνα : |b Βιβλιοπωλείο της Εστίας, |c 1998 | ||
| 300 | |a 383 σ.; |b χάρτ.; |c 23 εκ. | ||
| 504 | |a Περιλαμβάνει βιβλιογραφίες και ευρετήριο | ||
| 651 | 0 | |a Greece |x History. | |
| 852 | |a INST |b CHIOS |e 20070807 |h 938.405 KPA |p 005200026073 |q 005200026073 |t BK |y 0 | ||
| 901 | |a BIBL2-2007-2 | ||
| 909 | |a Χ |b 136018 | ||
| 922 | |a 2ΕΛΗ |b 200707 |c ΕΠΕΑΕΚ2/ΤΝΕΥ |d Σ. ΠΑΤΑΚΗΣ | ||
| 970 | |a ΒΑΡΦΗΣ |b ΒΑΓΓΕΛΗΣ |z 2007/08/07 | ||